Statistics for Least valuable passports

Click here to take the quiz!

General Stats

  • This quiz has been taken 7 times
  • The average score is 10 of 16

Answer Stats

MSCountry% Correct
39Afghanistan
83%
53Iran
83%
42Iraq
83%
51North Korea
83%
45Somalia
83%
54South Sudan
83%
40Syria
83%
45Yemen
67%
53Eritrea
50%
51Libya
50%
45Pakistan
50%
49Bangladesh
33%
53Ethiopia
33%
54Nepal
33%
54Nigeria
33%
51Palestinian Territories
17%

Score Distribution

Percentile by Number Answered

Percent of People with Each Score

Your Score History

You have not taken this quiz